| 000 | 00606nam a2200181Ia 4500 | ||
|---|---|---|---|
| 008 | 090630s9999 xx 000 0 und d | ||
| 082 | _b13337 | ||
| 100 | _aरांजणकर यशवंत. | ||
| 245 |
_aकालनिद्रा. _cरांजणकर यशवंत. |
||
| 260 |
_bशांती - पुणे. _c1994 |
||
| 300 | _a272 | ||
| 600 | _aरांजणकर यशवंत. | ||
| 630 | _aकालनिद्रा. | ||
| 655 | _aकादंबरी. | ||
| 700 | _aरांजणकर यशवंत. | ||
| 730 | _aकालनिद्रा. | ||
| 942 | _cBOOK | ||
| 999 |
_c265193 _d265193 |
||